000 00943nas a2200313 4500
001 BR0504945
003 BR-BrBNA
005 20231205105648.0
007 ta
008 230509b bl.|||p| |||| 00| 00por d
040 _aBR-BrBNA
_bpor
_cBiblioteca Nacional de Agricultura
041 _a(Pt)
072 _aH01
100 1 _aCosta, A.G.F.
100 1 _aMaciel, C.D.G.
100 1 _aVelini, E.D.
100 1 _aIkeda, F.S.
245 1 _aDinâmica de transposição de herbicida através de palha de aveiaa-preta utilizando diferentes pontas de pulverização
650 _aAVENA STRIGOSA
650 _aAVEIA FORRAGEIRA
650 _aPALHA
650 _aCOBERTURA MORTA
650 _aPLANTIO DIRETO
650 _aHERBICIDA
650 _aPULVERIZAÇÃO
773 0 _tPlanta Daninha (Brazil)
_xISSN 0100-8358
_g(Oct-Dec 2004), v. 22(4) p. 561-566
_wBR0504945
909 _a202311
_bLúcia
_c55
_dLúcia Elande
942 _2AGRIS
_n0
_cANA
999 _c184020
_d184020